LEADER 02314nam 2200625 a 450 001 9910480503203321 005 20170816143434.0 010 $a1-4522-7878-4 010 $a1-322-28354-0 010 $a1-4833-2984-4 010 $a1-4522-4516-9 035 $a(CKB)2560000000090340 035 $a(EBL)997255 035 $a(OCoLC)815786234 035 $a(SSID)ssj0000704564 035 $a(PQKBManifestationID)12278801 035 $a(PQKBTitleCode)TC0000704564 035 $a(PQKBWorkID)10705127 035 $a(PQKB)10282076 035 $a(MiAaPQ)EBC997255 035 $a(OCoLC)1007858941 035 $a(StDuBDS)EDZ0000158915 035 $a(EXLCZ)992560000000090340 100 $a20130912d2008 fy| 0 101 0 $aeng 135 $aur|n|---||||| 181 $ctxt 182 $cc 183 $acr 200 12$aA brief primer of helping skills$b[electronic resource] /$fJeffrey A. Kottler 210 $aLondon $cSAGE$dc2008 215 $a1 online resource (193 p.) 300 $aDescription based upon print version of record. 311 $a1-4129-5923-3 311 $a1-4129-5922-5 320 $aIncludes bibliographical references and index. 327 $aCover; Contents; Preface; Chapter 1 - Learning Helping Skills; Chapter 2 - Theories of Helping; Chapter 3 - Processes and Stages; Chapter 4 - Helping Relationships; Chapter 5 - Exploration Skills; Chapter 6 - Action Skills; Chapter 7 - Brief Interventions; Chapter 8 - Leading Groups; Chapter 9 - Looking at Yourself; Index; About the Author 330 8 $aA brief primer of essential helping skills for students and professionals in the helping professions, this book contains a brief chapter on theory that provides an overview of the language used in therapy as well as the various approaches used. 606 $aCounseling 606 $aPsychotherapy 606 $aHelping behavior 608 $aElectronic books. 615 0$aCounseling. 615 0$aPsychotherapy. 615 0$aHelping behavior. 676 $a158.3 700 $aKottler$b Jeffrey A$0851077 702 $aGwin$b Julie 702 $aHarman$b Candice 801 0$bStDuBDS 801 1$bStDuBDS 906 $aBOOK 912 $a9910480503203321 996 $aA brief primer of helping skills$92452131 997 $aUNINA LEADER 03073nam1 2200589 i 450 001 TO00568318 005 20251003044406.0 010 $a8842052868 100 $a19970625d1997 ||||0itac50 ba 101 | $aita 102 $ait 181 1$6z01$ai $bxxxe 182 1$6z01$an 183 1$6z01$anc$2RDAcarrier 200 1 $aDonato Menichella$estabilità e sviluppo dell'economia italiana, 1946-1960$fa cura di Franco Cotula, Cosma O. Gelsomino e Alfredo Gigliobianco 210 $aRoma \etc.!$cLaterza$d1997 215 $a2 v.$d21 cm 225 | $aCollana storica della Banca d'Italia.$i Ser. Documenti$v13 300 $aScritti vari 300 $aIn custodia. 327 $av.1: Documenti e discorsi.-- v.2: Considerazioni finali all'assemblea della Banca d'Italia. 410 0$1001CFI0167674$12001 $aCollana storica della Banca d'Italia.$i Ser. Documenti$v13$171202$aBanca d'Italia$3CFIV021176 463 1$1001MOD0261858$12001 $aˆ1: ‰Documenti e discorsi$f[Donato Menichella]$gintroduzione di Antonio Fazio$v1 463 1$1001MOD0261863$12001 $aˆ2: ‰Considerazioni finali all'Assemblea della Banca d'Italia$f[Donato Menichella]$v2 463 1$1001TO00570197$12001 $aˆ1: ‰Documenti e discorsi$fintroduzione di Antonio Fazio$v1 463 1$1001TO00570198$12001 $aˆ2: ‰Considerazioni finali all'assemblea della Banca d'Italia$v2 606 $aMenichella, Donato$2FIR$3CFIC007997$9I 606 $aBanca d'Italia$x1947-1960$2FIR$3CFIC007998$9I 676 $a332.10945$9BANCHE E OPERAZIONI BANCARIE. ITALIA$v19 676 $a332.11092$9$v23 676 $a332.110945$9BANCHE CENTRALI. ITALIA$v20 676 $a332.110945$9BANCHE CENTRALI. Italia$v22 676 $a332.1120945$9BANCHE E SERVIZI BANCARI. RAPPORTO CON LA POLITICA MONETARIA. ITALIA$v20 676 $a332.1120945$9BANCHE CENTRALI. RAPPORTO CON LA POLITICA MONETARIA. Italia$v21 676 $a332.1120945$9BANCHE. RAPPORTO CON LA POLITICA MONETARIA. Italia$v23 686 $aIT/3430.3$cMIRACOLO ECONOMICO ITALIA 1945-1968$2R 686 $aIT/3435.2$cBANCA D'ITALIA POLITICA MONETARIA ITALIA 1945-1968$2R 686 $aX0.1/MENICHELLA,DONAT$cBIOGRAFIE E SCRITTI SU DONATO MENICHELLA$2R 700 1$aMenichella$b, Donato$f <1896-1984>$3CFIV013554$4070$0121256 702 1$aCotula$b, Franco$3CFIV097176 702 1$aGigliobianco$b, Alfredo$3RAVV032381 702 1$aGelsomino$b, Cosma O.$3TO0V260291 801 3$aIT$bIT-000000$c19970625 850 $aIT-BN0095 $aIT-NA0079 $aIT-NA0120 $aIT-AV0045 901 $bNAP MV$cD $nDEPOSITO LIBRARIO NARRATIVA SALA D 901 $bNAP 01$cPOZZO LIB.$nVi sono collocati fondi di economia, periodici di ingegneria e scienze, periodici di economia e statistica e altri fondi comprendenti documenti di economia pervenuti in dono. 912 $aTO00568318 950 1$aBiblioteca Centralizzata di Ateneo$cv. 1-2$d 01POZZO LIB.F. PARRAVICINI 485 967 $m4 977 $a 01$a BN$a CR$a MV 996 $aDonato Menichella$9196063 997 $aUNISANNIO